| 000 | 01008cam a2200325 i 4500 | ||
|---|---|---|---|
| 001 | 14280896 | ||
| 003 | EG-ScBUE | ||
| 005 | 20260301101733.0 | ||
| 008 | 060228t2006 nyua f b 001 0 eng d | ||
| 020 | _a0387334181 | ||
| 020 | _a9780387334189 | ||
| 040 |
_aUKM _beng _erda _cUKM _dBAKER _dYDXCP _dOHX _dCtY _dDLC _dEG-ScBUE |
||
| 082 | 0 | 4 |
_222 _a576.80285 _bFOR |
| 100 | 1 |
_aForsdyke, Donald R., _eauthor. |
|
| 245 | 1 | 0 |
_aEvolutionary bioinformatics / _cby Donald R. Forsdyke. |
| 264 | 1 |
_aNew York : _bSpringer, _c[2006] |
|
| 264 | 4 | _cc2006 | |
| 300 |
_axix, 424 pages : _billustrations ; _c24 cm |
||
| 336 |
_2rdacontent _atext _btxt |
||
| 337 |
_aunmediated _2rdamedia _bn |
||
| 338 |
_avolume _bnc _2rdacarrier |
||
| 504 | _aIncludes bibliographical references and index. | ||
| 650 | 7 |
_aBioinformatics. _2BUEsh _95545 |
|
| 650 | 7 |
_aEvolutionary genetics. _2BUEsh |
|
| 650 | 7 |
_aGenomes. _2BUEsh _918395 |
|
| 651 | _2BUEsh | ||
| 653 |
_bCOMSCI _cJanuary2017 |
||
| 655 | _vReading book | ||
| 942 |
_2ddc _cBB |
||
| 999 |
_c23836 _d23808 |
||